Исследование понятия дебиторской задолженности хозяйствующего субъекта; Известия Томского политехнического университета [Известия ТПУ]; Т. 309, № 6
| Parent link: | Известия Томского политехнического университета [Известия ТПУ]/ Томский политехнический университет (ТПУ).— , 2000- Т. 309, № 6.— 2006.— [С. 168-173] |
|---|---|
| Autor principal: | |
| Sumario: | Заглавие с титульного листа Электронная версия печатной публикации Проведен анализ и классифицированы трактовки понятия дебиторской задолженности. Предложен авторский подход, дополняющий и уточняющий определение данного понятия. |
| Lenguaje: | ruso |
| Publicado: |
2006
|
| Colección: | Социально-экономические и гуманитарные науки |
| Materias: | |
| Acceso en línea: | http://www.lib.tpu.ru/fulltext/v/Bulletin_TPU/2006/v309/i6/39.pdf |
| Formato: | Electrónico Capítulo de libro |
| KOHA link: | https://koha.lib.tpu.ru/cgi-bin/koha/opac-detail.pl?biblionumber=171673 |
MARC
| LEADER | 00000nla2a2200000 4500 | ||
|---|---|---|---|
| 001 | 171673 | ||
| 005 | 20231031164036.0 | ||
| 035 | |a (RuTPU)RU\TPU\book\186132 | ||
| 035 | |a RU\TPU\book\186131 | ||
| 090 | |a 171673 | ||
| 100 | |a 20091207d2006 k y0rusy50 ca | ||
| 101 | 0 | |a rus | |
| 102 | |a RU | ||
| 135 | |a drnn ---uucaa | ||
| 181 | 0 | |a i | |
| 182 | 0 | |a b | |
| 200 | 1 | |a Исследование понятия дебиторской задолженности хозяйствующего субъекта |b Электронный ресурс |f П. О. Евдокимов | |
| 203 | |a Текст |c электронный | ||
| 215 | |a 1 файл (129 Кб) | ||
| 225 | 1 | |a Социально-экономические и гуманитарные науки | |
| 230 | |a Электронные текстовые данные (1 файл : 129 Кб) | ||
| 300 | |a Заглавие с титульного листа | ||
| 300 | |a Электронная версия печатной публикации | ||
| 320 | |a [Библиогр.: с. 173 (15 назв.)] | ||
| 330 | |a Проведен анализ и классифицированы трактовки понятия дебиторской задолженности. Предложен авторский подход, дополняющий и уточняющий определение данного понятия. | ||
| 337 | |a Adobe Reader | ||
| 461 | 1 | |0 (RuTPU)RU\TPU\book\176237 |t Известия Томского политехнического университета [Известия ТПУ] |f Томский политехнический университет (ТПУ) |d 2000- | |
| 463 | 1 | |0 (RuTPU)RU\TPU\book\186033 |t Т. 309, № 6 |v [С. 168-173] |d 2006 |p 256 с. | |
| 610 | 1 | |a дебиторская задолженность | |
| 610 | 1 | |a хозяйствующие субъекты | |
| 610 | 1 | |a электронный ресурс | |
| 700 | 1 | |a Евдокимов |b П. О. | |
| 801 | 1 | |a RU |b 63413507 |c 20090623 |g PSBO | |
| 801 | 2 | |a RU |b 63413507 |c 20211110 |g PSBO | |
| 856 | 4 | |u http://www.lib.tpu.ru/fulltext/v/Bulletin_TPU/2006/v309/i6/39.pdf | |
| 942 | |c CF | ||